000 00601nam a2200205Ia 4500
005 20250326144400.0
008 250326s9999 xx 000 0 und d
020 _a0-87389-642-4
037 _aTextbook
040 _aFMSL
_beng
_cFMSL
041 _aeng
_2eng
084 _aX:8obL:4:6 P5;1
_qFMSL
100 _aGupta B C
_9149380
245 0 _aApplied statistics for the six sigma green belt
_cGupta B C; Walker H F
260 _aUSA
_bUSA, ASQ Quality
_c2005
300 _axxvi,341
365 _b4295.8999999999996
942 _cTB
_hX:8obL:4:6 P5;1
999 _c1303507
_d1303507